Normal view
MARC view
- Corson, Dale R.
Entry Personal Name
001 - CONTROL NUMBER
- control field: 104965
003 - CONTROL NUMBER IDENTIFIER
- control field: NUST
005 - DATE AND TIME OF LATEST TRANSACTION
- control field: 20221215132856.0
008 - FIXED-LENGTH DATA ELEMENTS
- fixed length control field: 221215|| aca||aabn | a|a d
040 ## - CATALOGING SOURCE
- Original cataloging agency: NUST
- Transcribing agency: NUST
100 ## - HEADING--PERSONAL NAME
- Personal name: Corson, Dale R.
670 ## - SOURCE DATA FOUND
- Source citation: Work cat.: (NUST)176922: Lorrain, Paul. 104964, Electromagnetic fields and waves, [1970]
